00590 a2200157 4500001001000000005001700010008004100027245016600068100003500234700002200269700002200291700002200313700002400335773005600359999001700415ART_4234920260410161827.0260409a 10aReflexiones sobre intentos de reforma del estatuto de la Universidad Nacional de Mar del Plata, una aproximación a los factores que intervinieron en el proceso1 aGonzález Carella, María I.1 aHammond, Fernando1 aPérez, Pedro E.1 aCarrozza, Tomás1 aMurillo, Luciana L.0 tFACESg- Año 21, Nº 44 (ene./jun. 2015)wREV5046 c22872d22872